[Event "Australian op"]
[Site "Cammeray"]
[Date "2013.01.04"]
[Round "3"]
[White "Encel, Benjamin"]
[Black "Visser, Johan"]
[Result "1-0"]
[WhiteElo "1881"]
[BlackElo "1773"]
[PlyCount "115"]
[EventDate "2013.01.02"]
[EventType "swiss"]
[EventRounds "11"]
[EventCountry "AUS"]
[SourceTitle "CBM 152 Extra"]
[Source "ChessBase"]
[SourceDate "2013.02.25"]
[SourceVersion "1"]
[SourceVersionDate "2013.02.25"]
[SourceQuality "1"]

1. e4 e5 2. Nf3 d5 3. d4 dxe4 4. Nxe5 Bd6 5. Bc4 Bxe5 6. Qh5 Qe7 7. Qxe5 Qxe5 8. dxe5 Nd7 9. Nc3 Nxe5 10. Bb3 Nf6 11. Bf4 Ng6 12. Bxc7 0-0 13. 0-0-0 Bg4 14. Rde1 Rac8 15. h3 Rxc7 16. hxg4 Ne5 17. f3 b5 18. Kb1 Nc4 19. g5 Nd2+ 20. Kc1 Nxb3+ 21. axb3 b4 22. Nb5 Rc5 23. gxf6 Rxb5 24. fxg7 Kxg7 25. Rxe4 h5 26. g4 hxg4 27. Rxg4+ Kf6 28. Rh6+ Ke7 29. Rc4 Rd8 30. Rc7+ Rd7 31. Rxd7+ Kxd7 32. Ra6 Rf5 33. Rxa7+ Kc6 34. Ra4 Kb5 35. c4+ bxc3 36. bxc3 Rxf3 37. Kd2 f5 38. c4+ Kc5 39. Ra5+ Kd4 40. Rd5+ Ke4 41. b4 Rb3 42. b5 f4 43. Rd6 f3 44. b6 f2 45. Ke2 Rb2+ 46. Kf1 Ke3 47. Re6+ Kf3 48. Rf6+ Ke3 49. c5 Rb1+ 50. Kg2 Rg1+ 51. Kh2 f1Q 52. Rxf1 Rxf1 53. c6 Rf8 54. b7 Kf3 55. c7 Rh8+ 56. Kg1 Rg8+ 57. Kf1 Rh8 58. Ke1 1-0

[Event "Sydney op"]
[Site "Parramatta"]
[Date "2010.04.10"]
[Round "7"]
[White "Ansell, Alan"]
[Black "Encel, Benjamin"]
[Result "1-0"]
[WhiteElo "1968"]
[BlackElo "1884"]
[PlyCount "63"]
[EventDate "2010.04.07"]
[EventType "swiss"]
[EventRounds "9"]
[EventCountry "AUS"]
[SourceTitle "CBM 135 Extra"]
[Source "ChessBase"]
[SourceDate "2010.05.04"]
[SourceVersion "1"]
[SourceVersionDate "2010.05.04"]
[SourceQuality "1"]

1. d4 Nf6 2. Nf3 e6 3. e3 c5 4. Bd3 d5 5. b3 Nc6 6. 0-0 Be7 7. Bb2 cxd4 8. exd4 0-0 9. a3 a6 10. Nbd2 b5 11. Ne5 Bb7 12. f4 Nd7 13. Rf3 f5 14. Nxc6 Bxc6 15. Qe2 Rf6 16. Re3 Nf8 17. Nf3 h6 18. Ne5 Be8 19. c4 bxc4 20. bxc4 Qa5 21. cxd5 exd5 22. Nc4 dxc4 23. Bxc4+ Bf7 24. Rxe7 Rc8 25. Qe5 Qb6 26. Bxf7+ Rxf7 27. Rxf7 Kxf7 28. Qxf5+ Kg8 29. Qxc8 Qxb2 30. Qc4+ Kh8 31. Re1 Qxa3 32. Qc5 1-0

[Event "Sydney op"]
[Site "Parramatta"]
[Date "2010.04.09"]
[Round "5"]
[White "Ilic, Ilija"]
[Black "Encel, Benjamin"]
[Result "1-0"]
[WhiteElo "2009"]
[BlackElo "1884"]
[PlyCount "41"]
[EventDate "2010.04.07"]
[EventType "swiss"]
[EventRounds "9"]
[EventCountry "AUS"]
[SourceTitle "CBM 135 Extra"]
[Source "ChessBase"]
[SourceDate "2010.05.04"]
[SourceVersion "1"]
[SourceVersionDate "2010.05.04"]
[SourceQuality "1"]

1. d4 Nf6 2. Nc3 d5 3. Bf4 Nh5 4. Be3 Bf5 5. f3 Nf6 6. g4 Bg6 7. h4 h6 8. Nh3 e6 9. Nf4 Bh7 10. g5 Nfd7 11. Qd2 c5 12. Rg1 Bf5 13. Bh3 hxg5 14. hxg5 Bxh3 15. Rh1 Qxg5 16. 0-0-0 cxd4 17. Qxd4 Bc5 18. Qd2 Bxe3 19. Qxe3 Rh4 20. Ncxd5 Kd8 21. Nxe6+ 1-0

[Event "Doeberl Cup 48th"]
[Site "Canberra"]
[Date "2010.04.05"]
[Round "9"]
[White "Stevens, Tristan"]
[Black "Encel, Benjamin"]
[Result "1-0"]
[WhiteElo "2041"]
[BlackElo "1884"]
[PlyCount "49"]
[EventDate "2010.04.01"]
[EventType "swiss"]
[EventRounds "9"]
[EventCountry "AUS"]
[SourceTitle "CBM 135 Extra"]
[Source "ChessBase"]
[SourceDate "2010.05.04"]
[SourceVersion "1"]
[SourceVersionDate "2010.05.04"]
[SourceQuality "1"]

1. e4 c5 2. Nc3 Nc6 3. f4 g6 4. Nf3 Bg7 5. g4 d6 6. h3 h5 7. g5 Nd4 8. Bg2 a6 9. 0-0 Rb8 10. Nd5 e6 11. Ne3 Ne7 12. Nh4 d5 13. c3 Ndc6 14. f5 gxf5 15. exf5 exf5 16. Nexf5 Bxf5 17. Nxf5 Nxf5 18. Rxf5 Ne7 19. Rf1 c4 20. Qf3 Qb6+ 21. d4 Qg6 22. Bf4 Rd8 23. Rae1 f5 24. gxf6 Qxf6 25. Qg3 1-0

[Event "Doeberl Cup 48th"]
[Site "Canberra"]
[Date "2010.04.02"]
[Round "4"]
[White "Encel, Benjamin"]
[Black "Ly, Moulthun"]
[Result "0-1"]
[WhiteElo "1884"]
[BlackElo "2340"]
[PlyCount "100"]
[EventDate "2010.04.01"]
[EventType "swiss"]
[EventRounds "9"]
[EventCountry "AUS"]
[SourceTitle "CBM 135 Extra"]
[Source "ChessBase"]
[SourceDate "2010.05.04"]
[SourceVersion "1"]
[SourceVersionDate "2010.05.04"]
[SourceQuality "1"]

1. e4 c5 2. Nc3 Nc6 3. f4 e6 4. Nf3 Nge7 5. Bb5 a6 6. Bxc6 Nxc6 7. 0-0 Be7 8. d3 0-0 9. Qe1 d5 10. Qf2 b5 11. e5 b4 12. Ne2 a5 13. Be3 d4 14. Bd2 f5 15. exf6 Rxf6 16. Ng3 Qd5 17. Ne4 Rf5 18. b3 Bb7 19. g4 Rf7 20. Qg3 Raf8 21. h4 Bd6 22. Nfg5 Re7 23. h5 Nd8 24. Rf2 Nf7 25. Nxf7 Rexf7 26. Raf1 Be7 27. Rh2 a4 28. Rhf2 Qd7 29. Re1 Qd8 30. Rh2 Qd5 31. Rf2 Ra8 32. Kh2 Qd8 33. g5 Rf5 34. Qg4 Bd6 35. Rg2 Qc7 36. Kg1 Raf8 37. Ng3 Rxf4 38. Bxf4 Bxf4 39. Qe2 Bxg5 40. Ne4 Bh6 41. Ng5 Rf6 42. Rg4 Bxg5 43. Rxg5 Qf4 44. Rg4 Qf5 45. Rf1 Bf3 46. Qxf3 Qxf3 47. Rxf3 Rxf3 48. bxa4 Rf8 49. Rg5 Rc8 50. a5 Kf7 0-1

[Event "AUS-ch U18"]
[Site "Sandy Bay"]
[Date "2010.01.24"]
[Round "10"]
[White "Encel, Benjamin"]
[Black "Hendrey, Kevin"]
[Result "1/2-1/2"]
[WhiteElo "1719"]
[BlackElo "1446"]
[PlyCount "72"]
[EventDate "2010.01.14"]
[EventType "swiss"]
[EventRounds "11"]
[EventCountry "AUS"]
[SourceTitle "EXT 2011"]
[Source "ChessBase"]
[SourceDate "2010.11.26"]
[SourceVersion "1"]
[SourceVersionDate "2010.11.26"]
[SourceQuality "1"]

1. e4 c5 2. Nc3 e6 3. f4 Nc6 4. Nf3 g6 5. Bb5 Nge7 6. e5 a6 7. Ne4 Bg7 8. Nd6+ Kf8 9. Bxc6 Nxc6 10. Ng5 Nxe5 11. d4 cxd4 12. Nxc8 Nc4 13. b3 d3 14. bxc4 Bxa1 15. Ba3+ Kg7 16. Qxa1+ f6 17. Be7 Qa5+ 18. Kf1 Qf5 19. Nb6 Qxf4+ 20. Nf3 Rae8 21. Bb4 Qe3 22. Qd4 Qe2+ 23. Kg1 dxc2 24. Qd2 Qd1+ 25. Kf2 Qxh1 26. Qxc2 Qa1 27. Bc3 Qh1 28. Nxd7 e5 29. Ndxe5 fxe5 30. Nxe5 Rhf8+ 31. Kg3 Rxe5 32. Bxe5+ Kg8 33. Qe4 Qf1 34. Bf4 Qd1 35. Qe6+ Rf7 36. Qe8+ Rf8 1/2-1/2

[Event "AUS-ch Major"]
[Site "Cammeray"]
[Date "2010.01.08"]
[Round "6"]
[White "Encel, Benjamin"]
[Black "Nguyen, Joseph"]
[Result "1/2-1/2"]
[WhiteElo "1719"]
[BlackElo "1840"]
[PlyCount "51"]
[EventDate "2010.01.02"]
[EventType "swiss"]
[EventRounds "11"]
[EventCountry "AUS"]
[SourceTitle "EXT 2011"]
[Source "ChessBase"]
[SourceDate "2010.11.26"]
[SourceVersion "1"]
[SourceVersionDate "2010.11.26"]
[SourceQuality "1"]

1. e4 c5 2. Nc3 Nc6 3. f4 g6 4. Nf3 Bg7 5. Bb5 a6 6. Bxc6 dxc6 7. d3 Qb6 8. 0-0 Bg4 9. Qe1 c4+ 10. Qe3 Qxe3+ 11. Bxe3 cxd3 12. cxd3 0-0-0 13. Rad1 Nf6 14. h3 Bxf3 15. Rxf3 b5 16. Bc5 Rhe8 17. a4 Nd7 18. Bb4 Kb7 19. d4 Nb6 20. e5 f5 21. b3 e6 22. a5 Nc8 23. g4 fxg4 24. hxg4 Bf8 25. Bxf8 Rxf8 26. Ne4 1/2-1/2

[Event "AUS-ch Major"]
[Site "Cammeray"]
[Date "2010.01.07"]
[Round "5"]
[White "Encel, Benjamin"]
[Black "Low, Frank"]
[Result "1-0"]
[WhiteElo "1719"]
[BlackElo "1468"]
[PlyCount "43"]
[EventDate "2010.01.02"]
[EventType "swiss"]
[EventRounds "11"]
[EventCountry "AUS"]
[SourceTitle "EXT 2011"]
[Source "ChessBase"]
[SourceDate "2010.11.26"]
[SourceVersion "1"]
[SourceVersionDate "2010.11.26"]
[SourceQuality "1"]

1. e4 c5 2. Nf3 Nc6 3. d4 cxd4 4. Nxd4 Nf6 5. Nc3 d6 6. Bc4 e5 7. Nf3 Be7 8. h3 a6 9. Be3 b5 10. Bd5 Bb7 11. a3 Rb8 12. Qd2 Na5 13. Bxb7 Rxb7 14. b3 0-0 15. g4 h6 16. Rg1 Nc6 17. g5 hxg5 18. Bxg5 Nh5 19. Bxe7 Nxe7 20. Qh6 Qc8 21. Ne2 Qxh3 22. Rxg7+ 1-0

[Event "Oceania zt"]
[Site "Gold Coast"]
[Date "2009.06.21"]
[Round "4"]
[White "Encel, Benjamin"]
[Black "Weller, Tony"]
[Result "0-1"]
[WhiteElo "1838"]
[BlackElo "1987"]
[PlyCount "80"]
[EventDate "2009.06.20"]
[EventType "swiss"]
[EventRounds "9"]
[EventCountry "AUS"]
[SourceTitle "CBM 130 Extra"]
[Source "ChessBase"]
[SourceDate "2009.07.02"]
[SourceVersion "2"]
[SourceVersionDate "2009.07.15"]
[SourceQuality "1"]

1. e4 c5 2. Nc3 Nc6 3. f4 e6 4. Nf3 d5 5. Bb5 a6 6. Bxc6+ bxc6 7. 0-0 Bd6 8. d3 Ne7 9. Qe1 0-0 10. Qf2 Ng6 11. g3 d4 12. Ne2 Qb6 13. h4 h5 14. Nd2 Ne7 15. Nc4 Qd8 16. Qf3 g6 17. Nxd6 Qxd6 18. g4 hxg4 19. Qxg4 f5 20. exf5 exf5 21. Qh3 Kf7 22. Kf2 Be6 23. Ng1 Bd5 24. Ne2 Rh8 25. c4 dxc3 26. Nxc3 Qf6 27. Kg3 Rh7 28. Rf2 Rah8 29. Rh2 Qd4 30. Nxd5 cxd5 31. Kg2 Rxh4 32. Qxh4 Rxh4 33. Rxh4 Qxd3 34. Rh3 Qe2+ 35. Kg1 d4 36. b3 Nd5 37. Rh2 Qd1+ 38. Kf2 Ne3 39. Bb2 Ng4+ 40. Kg3 Qd3+ 0-1

[Event "Oceania zt"]
[Site "Gold Coast"]
[Date "2009.06.21"]
[Round "3"]
[White "Pyke, Malcolm"]
[Black "Encel, Benjamin"]
[Result "1/2-1/2"]
[WhiteElo "2156"]
[BlackElo "1838"]
[PlyCount "70"]
[EventDate "2009.06.20"]
[EventType "swiss"]
[EventRounds "9"]
[EventCountry "AUS"]
[SourceTitle "CBM 130 Extra"]
[Source "ChessBase"]
[SourceDate "2009.07.02"]
[SourceVersion "2"]
[SourceVersionDate "2009.07.15"]
[SourceQuality "1"]

1. d4 d5 2. Nf3 e6 3. c4 Nf6 4. g3 Be7 5. Bg2 dxc4 6. 0-0 0-0 7. Qc2 a6 8. Qxc4 b5 9. Qc2 Bb7 10. Bf4 Nd5 11. Nbd2 Nxf4 12. gxf4 Nd7 13. Nb3 Ra7 14. Rac1 Ba8 15. Rfd1 Nf6 16. Ne5 Bxg2 17. Kxg2 Qd5+ 18. Kg1 Bd6 19. e3 h5 20. Qc6 a5 21. Qxd5 Nxd5 22. Nc6 Ra6 23. a3 a4 24. Nd2 f5 25. Nf3 Nb6 26. Nce5 Bxe5 27. Nxe5 Nd5 28. Rc5 Rb8 29. Rdc1 b4 30. Nc6 Rbb6 31. axb4 Nxb4 32. Nxb4 Rxb4 33. Rxc7 Rxb2 34. Rd7 a3 35. Rcc7 a2 1/2-1/2

[Event "Sydney op-A"]
[Site "Parramatta"]
[Date "2009.04.17"]
[Round "6"]
[White "Wang, Oscar Miao"]
[Black "Encel, Benjamin"]
[Result "1/2-1/2"]
[WhiteElo "1910"]
[BlackElo "1838"]
[PlyCount "82"]
[EventDate "2009.04.15"]
[EventType "swiss"]
[EventRounds "9"]
[EventCountry "AUS"]
[SourceTitle "CBM 129 Extra"]
[Source "ChessBase"]
[SourceDate "2009.05.05"]
[SourceVersion "2"]
[SourceVersionDate "2009.05.20"]
[SourceQuality "1"]

1. e4 c5 2. Nf3 g6 3. d4 cxd4 4. Nxd4 Nc6 5. Be3 Bg7 6. Nxc6 bxc6 7. c3 Nf6 8. Bd3 d5 9. exd5 cxd5 10. 0-0 0-0 11. Nd2 Qc7 12. h3 e5 13. Nb3 Rd8 14. Qc1 Ne4 15. Rd1 f5 16. Qc2 Nf6 17. Rac1 f4 18. Bc5 e4 19. Bf1 f3 20. Be3 Nh5 21. c4 fxg2 22. Bxg2 Nf4 23. cxd5 Qe5 24. Bxf4 Qxf4 25. Qxe4 Qxe4 26. Bxe4 Bxb2 27. Rc2 Be5 28. Kg2 Bb7 29. Nc5 Rab8 30. f3 Ba8 31. Rdd2 Kf7 32. Ne6 Rd7 33. f4 Bd6 34. Rb2 Re8 35. Kf3 Kf6 36. Rb5 Rc8 37. Rb3 Rc4 38. Rdd3 Re7 39. Rd4 Rc1 40. a4 Rh1 41. Ke2 Rh2+ 1/2-1/2

[Event "Sydney op-A"]
[Site "Parramatta"]
[Date "2009.04.16"]
[Round "3"]
[White "Encel, Benjamin"]
[Black "Gibbons, Robert"]
[Result "1-0"]
[WhiteElo "1838"]
[BlackElo "2067"]
[PlyCount "65"]
[EventDate "2009.04.15"]
[EventType "swiss"]
[EventRounds "9"]
[EventCountry "AUS"]
[SourceTitle "CBM 129 Extra"]
[Source "ChessBase"]
[SourceDate "2009.05.05"]
[SourceVersion "2"]
[SourceVersionDate "2009.05.20"]
[SourceQuality "1"]

1. e4 e5 2. Nf3 Nc6 3. d4 exd4 4. Bc4 Bc5 5. c3 d3 6. 0-0 d6 7. Bf4 Qf6 8. Bg5 Qg6 9. Re1 Ne5 10. Nxe5 dxe5 11. Be3 Bd6 12. Bxd3 Ne7 13. Nd2 Bh3 14. Qf3 Bg4 15. Qg3 Be6 16. Rad1 0-0 17. Qxg6 hxg6 18. Nc4 Bxc4 19. Bxc4 a6 20. a4 Rad8 21. Bg5 Bc5 22. b4 Rxd1 23. Rxd1 Bd6 24. Rxd6 cxd6 25. Bxe7 Rc8 26. Bf1 Rxc3 27. Bxd6 f6 28. f3 Rc6 29. Bc5 b6 30. Bc4+ Kh7 31. Bd5 bxc5 32. Bxc6 c4 33. Bd5 1-0

[Event "Sydney op-A"]
[Site "Parramatta"]
[Date "2009.04.15"]
[Round "1"]
[White "Encel, Benjamin"]
[Black "Setiawan, Akwie"]
[Result "0-1"]
[WhiteElo "1838"]
[BlackElo "2185"]
[PlyCount "78"]
[EventDate "2009.04.15"]
[EventType "swiss"]
[EventRounds "9"]
[EventCountry "AUS"]
[SourceTitle "CBM 129 Extra"]
[Source "ChessBase"]
[SourceDate "2009.05.05"]
[SourceVersion "2"]
[SourceVersionDate "2009.05.20"]
[SourceQuality "1"]

1. e4 e6 2. d4 d5 3. Nc3 dxe4 4. Nxe4 Bd7 5. Nf3 Bc6 6. Bd3 Nd7 7. Qe2 Ngf6 8. Nxf6+ Qxf6 9. Be4 Bxe4 10. Qxe4 c6 11. c3 Bd6 12. Bg5 Qg6 13. Qxg6 hxg6 14. 0-0-0 Rh5 15. h3 Rxg5 16. Nxg5 Bf4+ 17. Kc2 Bxg5 18. Rhe1 Nb6 19. g3 0-0-0 20. f4 Bf6 21. a3 Rh8 22. h4 Nc4 23. a4 Rd8 24. b3 Nd6 25. Rd3 Nf5 26. a5 Nxg3 27. Rxg3 Bxh4 28. Reg1 Bxg3 29. Rxg3 Rh8 30. Kd3 Rh4 31. Ke4 Kd7 32. b4 Ke7 33. c4 Rh1 34. Kd3 Rf1 35. Rg4 Rf3+ 36. Kc2 a6 37. Rh4 Kf6 38. Rh8 Rxf4 39. Kc3 g5 0-1

[Event "Australian op"]
[Site "Manly Sydney"]
[Date "2009.01.04"]
[Round "5"]
[White "Encel, Benjamin"]
[Black "Svendsen, Peter Willer"]
[Result "1/2-1/2"]
[WhiteElo "1781"]
[BlackElo "2007"]
[PlyCount "35"]
[EventDate "2009.01.02"]
[EventType "swiss"]
[EventRounds "11"]
[EventCountry "AUS"]
[SourceTitle "CBM 128 Extra"]
[Source "ChessBase"]
[SourceDate "2009.03.05"]
[SourceVersion "2"]
[SourceVersionDate "2009.03.25"]
[SourceQuality "1"]

1. e4 e5 2. Nf3 Nf6 3. Nxe5 d6 4. Nf3 Nxe4 5. Nc3 Nxc3 6. dxc3 Be7 7. Be3 Nd7 8. Qd2 0-0 9. 0-0-0 Re8 10. Kb1 Nf8 11. Bd3 Bf6 12. h3 Be6 13. g4 g6 14. Rhg1 Bd5 15. Nd4 Be4 16. f4 d5 17. f5 c5 18. Ne2 1/2-1/2

[Event "Australian op"]
[Site "Manly Sydney"]
[Date "2009.01.02"]
[Round "1"]
[White "Hu, Jason"]
[Black "Encel, Benjamin"]
[Result "1-0"]
[WhiteElo "2182"]
[BlackElo "1781"]
[PlyCount "73"]
[EventDate "2009.01.02"]
[EventType "swiss"]
[EventRounds "11"]
[EventCountry "AUS"]
[SourceTitle "CBM 128 Extra"]
[Source "ChessBase"]
[SourceDate "2009.03.05"]
[SourceVersion "2"]
[SourceVersionDate "2009.03.25"]
[SourceQuality "1"]

1. c4 e5 2. Nc3 Nf6 3. Nf3 Nc6 4. e3 d5 5. d4 e4 6. cxd5 Nb4 7. Ng5 Qe7 8. d6 Qxd6 9. Ngxe4 Nxe4 10. Nxe4 Qc6 11. Nc3 a6 12. e4 Qg6 13. Bf4 Bd6 14. Bxd6 Qxd6 15. d5 a5 16. a3 Na6 17. Bb5+ Bd7 18. 0-0 0-0 19. e5 Qe7 20. d6 cxd6 21. Nd5 Qxe5 22. Bxd7 Nc5 23. Re1 Qxb2 24. Ne7+ Kh8 25. Qxd6 Nxd7 26. Qxd7 Rad8 27. Qg4 Rd2 28. Nf5 Rfd8 29. Rab1 Qf6 30. Qf4 h5 31. h3 R8d4 32. Qe5 Qxe5 33. Rxe5 Ra4 34. Rxb7 Rxa3 35. Rxf7 Ra1+ 36. Kh2 Rxf2 37. Re8+ 1-0